Statistics for Top 50 Nomes de Nenos Recén Nacidos en Galicia en 2016

Click here to take the quiz!

General Stats

  • This quiz has been taken 13 times
  • The average score is 22 of 50

Answer Stats

Resposta% Correct
5PPablo
90%
6DDaniel
80%
19IIago
80%
7MManuel
80%
41YYago
80%
13AAlejandro
70%
21AAntón
70%
42CCarlos
70%
22DDavid
70%
16MMarco
70%
27MMiguel
70%
20AÁlex
60%
12DDiego
60%
3HHugo
60%
35LLuca
60%
4LLucas
60%
15MMario
60%
10AAdrián
50%
33AÁlvaro
50%
17AAnxo
50%
8LLeo
50%
43MMarcos
50%
1MMartín
50%
32PPedro
50%
49RRaúl
50%
18BBrais
40%
23GGabriel
40%
45IIván
40%
34LLois
40%
38SSergio
40%
14GGael
30%
2MMateo
30%
29MMauro
30%
30RRoi
30%
37SSamuel
30%
31TTeo
30%
50XXián
30%
25XXoel
30%
47BBreixo
20%
36BBruno
20%
26IIker
20%
11IIzan
20%
24NNicolás
20%
44OOliver
20%
48AAarón
10%
39DDylan
10%
40IIan
10%
46RRoque
10%
28TThiago
10%
9EEnzo
0%

Score Distribution

Percentile by Number Answered

Percent of People with Each Score

Your Score History

You have not taken this quiz